000 00973cam a2200193 4500
001 ABS66157
008 021119n2002 000 0 eng u
035 _a(Sirsi) u120505
100 _aWallis, J
245 _aBrits changing hands
260 _c2002
490 _aEstates Gazette
_v(0243) 26 October 2002, 192-193(2)
520 _aReports on a new data standard Property Industry Systems Common Exchange Standard (PISCES) which allows property information to be used in a variety of contexts. It allows different computer systems to use the same data easily and transparently. It has just been introduced by CB Hillier Parker as the cooperation between different individuals has increased to make this possible. With a brief explanation of what the system is and who uses it.
590 _aABS
650 _aPROPERTY INDUSTRY SYSTEMS COMMON EXCHANGE STANDARD
650 _aCOMMERCIAL PROPERTY COMPANIES
690 _aINFORMATION TECHNOLOGY-INTERNET
942 _n0
999 _c71588
_d71588